Collection and utilization of non-timber forest products in suramrit-kossomak " kirirum" national park, ការប្រមូល និងប្រើប្រាស់អនុផលព្រៃឈើក្នុងតំបន់ឧទ្យានជាតិសិរាម្រិត-កុសមៈ"គិរីរម្យ" (Record no. 3231)

000 -LEADER
fixed length control field 00692nam a22001577a 4500
003 - CONTROL NUMBER IDENTIFIER
control field OSt
005 - DATE AND TIME OF LATEST TRANSACTION
control field 20151106153045.0
008 - FIXED-LENGTH DATA ELEMENTS--GENERAL INFORMATION
fixed length control field 151106b xxu||||| |||| 00| 0 eng d
040 ## - CATALOGING SOURCE
Transcribing agency RUA
082 ## - DEWEY DECIMAL CLASSIFICATION NUMBER
Classification number FOR HEN 2000 B126 Or.1
100 ## - MAIN ENTRY--PERSONAL NAME
9 (RLIN) 3460
Personal name HENG, SEYHA.
245 ## - TITLE STATEMENT
Title Collection and utilization of non-timber forest products in suramrit-kossomak " kirirum" national park, ការប្រមូល និងប្រើប្រាស់អនុផលព្រៃឈើក្នុងតំបន់ឧទ្យានជាតិសិរាម្រិត-កុសមៈ"គិរីរម្យ"
260 ## - PUBLICATION, DISTRIBUTION, ETC. (IMPRINT)
Place of publication, distribution, etc. Phnom Penh
Name of publisher, distributor, etc. RUA
Date of publication, distribution, etc. 2000
300 ## - PHYSICAL DESCRIPTION
Extent 50p.
Other physical details ill.
Dimensions 29cm.
942 ## - ADDED ENTRY ELEMENTS (KOHA)
Source of classification or shelving scheme
Koha item type FOR
Holdings
Price effective from Date last seen Permanent Location Not for loan Date acquired Source of classification or shelving scheme Koha item type Barcode Lost status Damaged status Shelving location Withdrawn status Current Location Full call number
2015-11-062015-11-06Library Block B 2015-11-06 FORRUA003364  B126 Library Block BFOR HEN 2000 B126 Or.1
2015-11-062015-11-06Library Block B 2015-11-06 FORRUA033484  B126 Library Block BFOR HEN 2000 B126 Or.2
មជ្ឈមណ្ឌលឯការនៃសាកលវិទ្យាល័យភូមិន្ទកសិកម្មចំការដូង

Powered by Koha